| 000 | 01392cam a2200361 i 4500 | ||
|---|---|---|---|
| 999 |
_c200448507 _d66719 |
||
| 003 | TR-AnTOB | ||
| 005 | 20220408092556.0 | ||
| 007 | ta | ||
| 008 | 220408s2013 tu d $ 01 $$$$ tur u | ||
| 040 |
_aTR-AnTOB _beng _erda _cTR-AnTOB |
||
| 041 | 0 | _atur | |
| 044 | _ctu | ||
| 050 | 0 | 0 |
_aHQ799.T9 _bV383 2013 |
| 090 | 0 | 0 |
_aHQ799.T9 _bV383 2013 |
| 100 | 1 |
_aVatandaş, Celalettin _9135044 _eauthor |
|
| 245 | 1 | 0 |
_aÜniversite öğrencilerinin hayat tarzı ve toplumsal değerler / _cProf. Dr. Celalettin Vatandaş, Prof. Dr. Burhanettin Can, Prof. Dr. İ.Mete Doğruer, Aşkın Özcan, Elif Yaman. |
| 264 | 1 |
_aİstanbul : _bSEKAM, _c2014. |
|
| 300 |
_a126 pages : _btables ; _c23 cm |
||
| 336 |
_2rdacontent _atext _btxt |
||
| 337 |
_2rdamedia _aunmediated _bn |
||
| 338 |
_2rdacarrier _avolume _bnc |
||
| 490 | 0 |
_aSEKAM Yayınları ; _v7 |
|
| 650 | 7 |
_aGençlik _zTürkiye _2etuturkob _917155 |
|
| 650 | 7 |
_aGençlik hareketleri _2etuturkob _9136551 |
|
| 650 | 7 |
_aGençlik _xSosyal yaşam ve gelenekler _zTürkiye _2etuturkob _961607 |
|
| 700 | 1 |
_aCan, Burhanettin _eauthor _9136547 |
|
| 700 | 1 |
_aDoğruer, İ. Mete _eauthor _9136548 |
|
| 700 | 1 |
_aÖzcan, Aşkın _eauthor _9136549 |
|
| 700 | 1 |
_aYaman, Elif _eauthor _9136550 |
|
| 856 |
_uhttp://www.sekam.com.tr/images/resimler/universite-ogrencilerinin-hayat-tarzi-ve-toplumsal-degerler.pdf _zpdf |
||
| 942 |
_2lcc _cBK |
||